00293nam a2200121Ia 4500008004100000100001800041245004500059260002500104300000800129650001000137942000700147999001700154190216s9999||||xx |||||||||||||| ||und|| aDr.Takoor T K 0aHindi-Ache Garnya Keliye Ahar Yek Vyayam bShruthi Publications a112 aHindi cBK c16390d16390